Pays qui finissent par -an. - Statistiques

Statistiques générales
  • Ce quiz a été pris 286 fois
  • Le résultat moyen est 11 sur 15
Statistiques - réponses
Pays % Correct
Afghanistan
95%
Pakistan
93%
Kazakhstan
87%
Ouzbékistan
87%
Tadjikistan
86%
Turkménistan
85%
Kirghizistan
82%
Azerbaidjan
79%
Iran
78%
Bhoutan
77%
Liban
67%
Oman
65%
Soudan
58%
Vatican
57%
Taiwan
41%
Aucun quiz correspondant
Distribution des résultats
% des personnes avec chaque résultat
Percentile par nombre de réponses
Votre historique - résultats
Vous n’avez pas pris ce quiz